<?xml version="1.0" encoding="UTF-8"?><?xml-stylesheet type="text/xsl" href="static/style.xsl"?><OAI-PMH xmlns="http://www.openarchives.org/OAI/2.0/" xmlns:xsi="http://www.w3.org/2001/XMLSchema-instance" xsi:schemaLocation="http://www.openarchives.org/OAI/2.0/ http://www.openarchives.org/OAI/2.0/OAI-PMH.xsd"><responseDate>2026-04-14T04:49:15Z</responseDate><request verb="GetRecord" identifier="oai:www.recercat.cat:20.500.14342/1723" metadataPrefix="marc">https://recercat.cat/oai/request</request><GetRecord><record><header><identifier>oai:recercat.cat:20.500.14342/1723</identifier><datestamp>2026-01-28T13:00:06Z</datestamp><setSpec>com_2072_482405</setSpec><setSpec>com_2072_183628</setSpec><setSpec>col_2072_482411</setSpec></header><metadata><record xmlns="http://www.loc.gov/MARC21/slim" xmlns:dcterms="http://purl.org/dc/terms/" xmlns:xsi="http://www.w3.org/2001/XMLSchema-instance" xmlns:doc="http://www.lyncode.com/xoai" xsi:schemaLocation="http://www.loc.gov/MARC21/slim http://www.loc.gov/standards/marcxml/schema/MARC21slim.xsd">
   <leader>00925njm 22002777a 4500</leader>
   <datafield ind2=" " ind1=" " tag="042">
      <subfield code="a">dc</subfield>
   </datafield>
   <datafield ind2=" " ind1=" " tag="720">
      <subfield code="a">Longás Mayayo, Jordi</subfield>
      <subfield code="e">author</subfield>
   </datafield>
   <datafield ind2=" " ind1=" " tag="720">
      <subfield code="a">Cussó Parcerisas, Irene</subfield>
      <subfield code="e">author</subfield>
   </datafield>
   <datafield ind2=" " ind1=" " tag="720">
      <subfield code="a">Querol Duran, Roser de</subfield>
      <subfield code="e">author</subfield>
   </datafield>
   <datafield ind2=" " ind1=" " tag="720">
      <subfield code="a">Riera Romaní, Jordi</subfield>
      <subfield code="e">author</subfield>
   </datafield>
   <datafield ind2=" " ind1=" " tag="260">
      <subfield code="c">2016-06</subfield>
   </datafield>
   <datafield ind2=" " ind1=" " tag="520">
      <subfield code="a">El artículo presenta un estudio de casos múltiples que identifica factores de apoyo a trayectorias de éxito escolar en estudiantes de secundaria que están en situación de precariedad económica y vulnerabilidad social en cinco ciudades españolas. La investigación aborda la comprensión del éxito escolar evitando la estigmatización que genera la correlación ya demostrada entre  fracaso escolar y bajos niveles socio-económico-culturales. La muestra se compone de 30 casos de alumnos que han inalizado la Enseñanza Secundaria Obligatoria. Para estudiar su trayectoria escolar se ha triangulado la información de su expediente académico con entrevistas semi-estructuradas a los alumnos, docentes, familia y referentes comunitarios. Los resultados apuntan a factores clave a nivel individual, escolar, familiar y comunitario que ayudan al éxito escolar en estos contextos. Se evidencia que el acompañamiento socioeducativo de agentes del entorno y el capital social del barrio, así como las relaciones de conianza o la personalidad responsable, son elementos determinantes que podrían compensar hándicaps socio-económicoculturales de los alumnos. Estos primeros hallazgos abren nuevas perspectivas de mejora de las políticas educativas de equidad e inclusión.</subfield>
   </datafield>
   <datafield ind1="8" ind2=" " tag="024">
      <subfield code="a">http://hdl.handle.net/20.500.14342/1723</subfield>
   </datafield>
   <datafield tag="653" ind2=" " ind1=" ">
      <subfield code="a">Rendiment escolar</subfield>
   </datafield>
   <datafield tag="653" ind2=" " ind1=" ">
      <subfield code="a">Igualtat d'oportunitats educatives</subfield>
   </datafield>
   <datafield tag="653" ind2=" " ind1=" ">
      <subfield code="a">Pobresa (Espanya)</subfield>
   </datafield>
   <datafield tag="653" ind2=" " ind1=" ">
      <subfield code="a">Alumnes d'ensenyament secundari</subfield>
   </datafield>
   <datafield ind2="0" ind1="0" tag="245">
      <subfield code="a">Análisis de factores de apoyo a trayectorias de éxito escolar en la enseñanza secundaria en contextos de pobreza y vulnerabilidad social en España. Un estudio de casos múltiples</subfield>
   </datafield>
</record></metadata></record></GetRecord></OAI-PMH>